00687nam a2200241 a 4500001001300000003000900013005001700022008004100039020002300080082001300103100002400116245003800140260004400178300000900222500003500231505001500266650001600281700002400297902000800321942000700329952009400336999001500430nice12345678IN_TiNIC20260116012301.0050524s1980 mina grp 000 0 eng  a0871236 c10000a239bHAQ aHaqq, A Akbar Abdul aSharing Your Faith With a Muslim. aMinnesotabBethany Fellowship Incc1980 a189p aincludes index and biblioraphy2 aBib, Index aApologetics1 aHaqq, A Akbar Abdul bSRS cBK 00104070aHMIbHMId2009-09-22g100.00l0o239 HAQp010012r2009-09-22w2026-01-16yEB c6383d6383